| 000 | 00976naa a22003137a 4500 | ||
|---|---|---|---|
| 001 | BR8106878 | ||
| 003 | BR-BrBNA | ||
| 005 | 20240918175033.0 | ||
| 007 | ta | ||
| 008 | 230509b bl.||||| |||| 00| 0 por d | ||
| 040 |
_aBR-BrBNA _bpor _cBiblioteca Nacional de Agricultura |
||
| 041 | _a(Pt) | ||
| 072 |
_aS00; S30; Q10 _b9205 _b0336 _bG514 |
||
| 090 | _aS00 BR8106878 | ||
| 100 | 1 | _aArkcoll, D.B. | |
| 100 | 1 | _aCosta, S.I. da | |
| 245 | 1 |
_aFormas de preparo e aceitacao da soja nos cardapios brasileiros _bCapitulo 14 - Utilizacao e aspectos tecnologicos |
|
| 260 | 3 |
_aSao Paulo, SP (Brasil): _c1981. |
|
| 500 | _aMiyasaka, S.; Medina, J.C. (eds.) A soja no Brasil Sao Paulo, SP (Brasil): 1981. p. 845-847 (BR8106878-AM)S00 | ||
| 650 | _aSOJA | ||
| 650 | _aGRAO | ||
| 650 | _aALIMENTACAO | ||
| 650 | _aHABITO ALIMENTAR | ||
| 650 | _aCOCCAO | ||
| 650 | _aARMAZENAMENTO | ||
| 650 | _aCONSUMO | ||
| 909 |
_a202404 _bLucia _c55 _dLucia Elande |
||
| 942 |
_cAM _2AGRIS |
||
| 999 |
_c314683 _d314683 |
||